[Event "19. Obert Int. Sant Marti 2017"]
[Site "Barcelona ESP"]
[Date "2017.07.19"]
[Round "7.76"]
[White "Lorenzo Martinez, Ruben"]
[Black "Colome Rovira, Oscar"]
[Result "1-0"]
[WhiteElo "1490"]
[BlackElo "1865"]
[PlyCount "119"]
[EventDate "2017.07.13"]
[EventType "swiss"]
[EventRounds "9"]
[EventCountry "ESP"]
[SourceTitle "Ajedrez en Madrid"]
[Source "lmi"]
[SourceDate "2017.07.13"]
[SourceVersion "1"]
[SourceVersionDate "2019.06.21"]
[SourceQuality "1"]

1. d4 Nf6 2. Nf3 d5 3. e3 Bg4 4. Be2 e6 5. Nbd2 Bd6 6. b3 O-O 7. Bb2 c5 8. O-O
Nc6 9. Ne5 Bxe2 10. Qxe2 a5 11. f4 Qb6 12. Ndf3 a4 13. g4 a3 14. Bc3 Ne4 15.
Be1 Bxe5 16. dxe5 Ne7 17. Bh4 Ng6 18. f5 exf5 19. gxf5 Nxh4 20. Nxh4 Qh6 21.
Rf4 Rae8 22. Nf3 Qh5 23. c4 Rxe5 24. cxd5 Ng5 25. Kh1 Rxd5 26. Rf1 Rfd8 27. Rh4
Rd2 28. Qxd2 Qxf3+ 29. Rxf3 Rxd2 30. Rg3 f6 31. Ra4 Rxa2 32. h4 Ra1+ 33. Rg1
Rxg1+ 34. Kxg1 Nf3+ 35. Kf2 Ne5 36. Rxa3 b5 37. Ra5 Kf7 38. Rxb5 Ke7 39. Rb7+
Nd7 40. b4 cxb4 41. Rxb4 Kd6 42. Kf3 g6 43. Kf4 Ne5 44. Rb6+ Ke7 45. Re6+ Kf7
46. Rxe5 fxe5+ 47. Kxe5 Ke7 48. e4 Kf7 49. fxg6+ Kxg6 50. h5+ Kxh5 51. Kf6 Kg4
52. e5 h5 53. e6 h4 54. e7 h3 55. e8=Q h2 56. Qa8 Kg3 57. Qh1 Kh3 58. Kf5 Kg3
59. Kg5 Kh3 60. Qf3# 1-0

[Event "19. Obert Int. Sant Marti 2017"]
[Site "Barcelona ESP"]
[Date "2017.07.20"]
[Round "8.1"]
[White "Asis Gargatagli, Hipolito"]
[Black "Fernandez, Fernando"]
[Result "1/2-1/2"]
[WhiteElo "2505"]
[BlackElo "2424"]
[PlyCount "46"]
[EventDate "2017.07.13"]
[EventType "swiss"]
[EventRounds "9"]
[EventCountry "ESP"]
[SourceTitle "Ajedrez en Madrid"]
[Source "lmi"]
[SourceDate "2017.07.13"]
[SourceVersion "1"]
[SourceVersionDate "2019.06.21"]
[SourceQuality "1"]

1. e4 c5 2. Nf3 d6 3. d4 cxd4 4. Nxd4 Nf6 5. Nc3 a6 6. f3 e5 7. Nb3 Be6 8. Be3
Be7 9. Qd2 O-O 10. O-O-O Nbd7 11. g4 b5 12. Rg1 Nb6 13. g5 Nh5 14. Na5 Rc8 15.
Kb1 Qc7 16. Nd5 Nxd5 17. exd5 Bf5 18. Nc6 f6 19. g6 Bxg6 20. Rxg6 hxg6 21. Qg2
f5 22. Qxg6 Nf4 23. Bxf4 Rf6 1/2-1/2

[Event "19. Obert Int. Sant Marti 2017"]
[Site "Barcelona ESP"]
[Date "2017.07.20"]
[Round "8.2"]
[White "Grigoryan, Karen H."]
[Black "Cuartas, Jaime Alexander"]
[Result "1/2-1/2"]
[WhiteElo "2555"]
[BlackElo "2501"]
[PlyCount "137"]
[EventDate "2017.07.13"]
[EventType "swiss"]
[EventRounds "9"]
[EventCountry "ESP"]
[SourceTitle "Ajedrez en Madrid"]
[Source "lmi"]
[SourceDate "2017.07.13"]
[SourceVersion "1"]
[SourceVersionDate "2019.06.21"]
[SourceQuality "1"]

1. Nf3 d5 2. c4 c6 3. e3 Nf6 4. Nc3 e6 5. b3 Nbd7 6. Qc2 a6 7. d4 c5 8. cxd5
exd5 9. Bb2 Be7 10. Rd1 O-O 11. Be2 b5 12. dxc5 Nxc5 13. Nd4 Bb7 14. Nf5 Rc8
15. Qb1 Re8 16. Bf3 Bf8 17. O-O Nfe4 18. Nxe4 Nxe4 19. Qd3 Qg5 20. Ng3 Qg6 21.
Rc1 Ng5 22. Be2 Qxd3 23. Bxd3 g6 24. Ne2 Ne6 25. Rfd1 Rxc1 26. Rxc1 Rc8 27.
Rxc8 Bxc8 28. Be5 Bg7 29. Bxg7 Kxg7 30. b4 f5 31. Kf1 Kf6 32. Ke1 Bb7 33. g3
Ke5 34. f4+ Kd6 35. Kd2 Bc6 36. Kc3 Be8 37. Ng1 Ke7 38. Nf3 Kd6 39. h3 h5 40.
Bf1 Bc6 41. Ne5 d4+ 42. exd4 h4 43. gxh4 Nxf4 44. Nxc6 Kxc6 45. Kd2 Kd6 46. a3
Ke7 47. Ke3 Nd5+ 48. Kf3 Kf6 49. Bg2 Nb6 50. Kf4 Nc4 51. Bb7 Nxa3 52. Bxa6 Nc2
53. Bxb5 Nxb4 54. Bc4 Nc6 55. d5 Ne5 56. Be2 Nf7 57. Bb5 Nd6 58. Bd7 Nc4 59.
Be6 Nb6 60. h5 g5+ 61. Ke3 g4 62. hxg4 fxg4 63. Kf4 g3 64. Kxg3 Nxd5 65. Bxd5
Kg7 66. Kg4 Kh8 67. h6 Kh7 68. Kg5 Kh8 69. Kg6 1/2-1/2

[Event "19. Obert Int. Sant Marti 2017"]
[Site "Barcelona ESP"]
[Date "2017.07.20"]
[Round "8.3"]
[White "Oliva Castaneda, Kevel"]
[Black "Burmakin, Vladimir"]
[Result "1/2-1/2"]
[WhiteElo "2497"]
[BlackElo "2505"]
[PlyCount "40"]
[EventDate "2017.07.13"]
[EventType "swiss"]
[EventRounds "9"]
[EventCountry "ESP"]
[SourceTitle "Ajedrez en Madrid"]
[Source "lmi"]
[SourceDate "2017.07.13"]
[SourceVersion "1"]
[SourceVersionDate "2019.06.21"]
[SourceQuality "1"]

1. d4 Nf6 2. c4 c6 3. Nf3 d5 4. e3 Bg4 5. Qb3 Qb6 6. Nc3 Nbd7 7. cxd5 Qxb3 8.
axb3 Nxd5 9. Nxd5 cxd5 10. Bd2 e6 11. Bb5 f6 12. O-O Bd6 13. Rfc1 Ke7 14. Ne1
a6 15. Bf1 Rhc8 16. Nd3 Bf5 17. b4 Bxd3 18. Bxd3 Rxc1+ 19. Rxc1 f5 20. Ra1 Nb6
1/2-1/2

[Event "19. Obert Int. Sant Marti 2017"]
[Site "Barcelona ESP"]
[Date "2017.07.20"]
[Round "8.4"]
[White "Rios, Cristhian Camilo"]
[Black "Himanshu, Sharma"]
[Result "0-1"]
[WhiteElo "2477"]
[BlackElo "2498"]
[PlyCount "56"]
[EventDate "2017.07.13"]
[EventType "swiss"]
[EventRounds "9"]
[EventCountry "ESP"]
[SourceTitle "Ajedrez en Madrid"]
[Source "lmi"]
[SourceDate "2017.07.13"]
[SourceVersion "1"]
[SourceVersionDate "2019.06.21"]
[SourceQuality "1"]

1. e4 c5 2. Nf3 e6 3. d4 cxd4 4. Nxd4 Nc6 5. Nc3 d6 6. g4 Nge7 7. Bg5 Nxd4 8.
Qxd4 Nc6 9. Qd2 Qa5 10. O-O-O a6 11. Bg2 h6 12. Be3 Ne5 13. Qe2 g5 14. f4 gxf4
15. Bxf4 Bd7 16. Rd4 b5 17. Rhd1 b4 18. Bxe5 dxe5 19. Rxd7 bxc3 20. Qf3 Be7 21.
Kb1 Rb8 22. b3 Rc8 23. a4 Qb4 24. R7d3 Bg5 25. Ka2 O-O 26. Qg3 Qa5 27. Kb1 Rc4
28. Qe1 Rfc8 0-1

[Event "19. Obert Int. Sant Marti 2017"]
[Site "Barcelona ESP"]
[Date "2017.07.20"]
[Round "8.5"]
[White "Iniyan, P."]
[Black "Peralta, Fernando"]
[Result "1/2-1/2"]
[WhiteElo "2380"]
[BlackElo "2564"]
[PlyCount "70"]
[EventDate "2017.07.13"]
[EventType "swiss"]
[EventRounds "9"]
[EventCountry "ESP"]
[SourceTitle "Ajedrez en Madrid"]
[Source "lmi"]
[SourceDate "2017.07.13"]
[SourceVersion "1"]
[SourceVersionDate "2019.06.21"]
[SourceQuality "1"]

1. d4 e6 2. c4 f5 3. Nf3 Nf6 4. g3 d5 5. Bg2 c6 6. O-O Bd6 7. b3 Qe7 8. Bb2 b6
9. Nbd2 O-O 10. Ne5 Bb7 11. Rc1 a5 12. Qc2 Na6 13. Qb1 Rac8 14. Nd3 Ne4 15. Nf3
c5 16. Qa1 f4 17. e3 fxe3 18. fxe3 dxc4 19. bxc4 Ng5 20. Nxg5 Bxg2 21. Kxg2
Qxg5 22. Nf4 Qh6 23. d5 exd5 24. cxd5 Nc7 25. Rcd1 Bxf4 26. exf4 Nxd5 27. Bxg7
Qc6 28. Bxf8 Nxf4+ 29. Kf2 Nh3+ 30. Ke3 Re8+ 31. Kd2 Qd5+ 32. Kc1 Qc4+ 33. Kb1
Qe4+ 34. Kc1 Qc4+ 35. Kb1 Qe4+ 1/2-1/2

[Event "19. Obert Int. Sant Marti 2017"]
[Site "Barcelona ESP"]
[Date "2017.07.20"]
[Round "8.6"]
[White "Vassallo Barroche, Mauricio"]
[Black "Henriquez Villagra, Cristobal"]
[Result "0-1"]
[WhiteElo "2376"]
[BlackElo "2532"]
[PlyCount "92"]
[EventDate "2017.07.13"]
[EventType "swiss"]
[EventRounds "9"]
[EventCountry "ESP"]
[SourceTitle "Ajedrez en Madrid"]
[Source "lmi"]
[SourceDate "2017.07.13"]
[SourceVersion "1"]
[SourceVersionDate "2019.06.21"]
[SourceQuality "1"]

1. d4 Nf6 2. Nf3 g6 3. g3 Bg7 4. Bg2 O-O 5. O-O d6 6. c4 Nc6 7. Nc3 a6 8. b3
Rb8 9. Nd5 Nd7 10. Bg5 h6 11. Be3 e6 12. Nc3 Ne7 13. Rc1 b6 14. Rc2 Bb7 15. Bc1
b5 16. e3 b4 17. Na4 Be4 18. Re2 f5 19. Ne1 Nf6 20. f3 Bc6 21. Nb2 g5 22. e4
fxe4 23. fxe4 d5 24. exd5 exd5 25. Qd3 Be8 26. Nf3 Bg6 27. Qd1 Ne4 28. Qe1 Nc6
29. Be3 Nc3 30. cxd5 Ne7 31. Ref2 Ne4 32. Ne5 Nxf2 33. Rxf2 Rxf2 34. Bxf2 Bxe5
35. dxe5 Nxd5 36. e6 Rb5 37. Nc4 Ne7 38. Ne5 Be8 39. Ng4 Nf5 40. Qa1 Kh7 41.
Be4 h5 42. Nf6+ Kg6 43. Nxh5 Kxh5 44. g4+ Kxg4 45. Qh8 Qd1+ 46. Kg2 Nh4+ 0-1

[Event "19. Obert Int. Sant Marti 2017"]
[Site "Barcelona ESP"]
[Date "2017.07.20"]
[Round "8.7"]
[White "Quirhuayo Chumbe, German Gonzalo"]
[Black "Narciso Dublan, Marc"]
[Result "0-1"]
[WhiteElo "2376"]
[BlackElo "2516"]
[PlyCount "102"]
[EventDate "2017.07.13"]
[EventType "swiss"]
[EventRounds "9"]
[EventCountry "ESP"]
[SourceTitle "Ajedrez en Madrid"]
[Source "lmi"]
[SourceDate "2017.07.13"]
[SourceVersion "1"]
[SourceVersionDate "2019.06.21"]
[SourceQuality "1"]

1. e4 e6 2. d4 d5 3. Nc3 dxe4 4. Nxe4 Nd7 5. Nf3 Ngf6 6. Bg5 h6 7. Nxf6+ Nxf6
8. Be3 Bd6 9. Bd3 b6 10. Qe2 Bb7 11. O-O-O O-O 12. Rhg1 Nd5 13. Kb1 Qf6 14. h3
Nf4 15. Bxf4 Qxf4 16. c3 c5 17. Bc2 Rfd8 18. Qd3 g6 19. Rde1 e5 20. d5 c4 21.
Qd1 Bc5 22. Re4 Rxd5 23. Qe2 Qf6 24. Nxe5 Qxf2 25. Qxf2 Bxf2 26. Rf1 Bc5 27.
Nxf7 Rf8 28. Ref4 Kg7 29. b4 Be7 30. Be4 g5 31. Bxd5 Bxd5 32. Rd4 Bxf7 33. Kb2
a5 34. Rd7 Bf6 35. b5 Re8 36. Rd2 Re3 37. Rc1 a4 38. a3 Rd3 39. Re2 Rd5 40. Ka2
Rxb5 41. Re3 Rd5 42. Kb2 Bg6 43. Re2 Bd3 44. Re6 Rf5 45. Rxb6 Rf2+ 46. Ka1 Bc2
47. Rb7+ Kg6 48. Rb6 Kf7 49. Rb7+ Ke8 50. Re1+ Kd8 51. Re3 Bd3 0-1

[Event "19. Obert Int. Sant Marti 2017"]
[Site "Barcelona ESP"]
[Date "2017.07.20"]
[Round "8.8"]
[White "Morales, Jhon Alexander"]
[Black "Arizmendi Martinez, Julen Luis"]
[Result "0-1"]
[WhiteElo "2355"]
[BlackElo "2511"]
[PlyCount "64"]
[EventDate "2017.07.13"]
[EventType "swiss"]
[EventRounds "9"]
[EventCountry "ESP"]
[SourceTitle "Ajedrez en Madrid"]
[Source "lmi"]
[SourceDate "2017.07.13"]
[SourceVersion "1"]
[SourceVersionDate "2019.06.21"]
[SourceQuality "1"]

1. e4 e6 2. d4 d5 3. Nc3 Bb4 4. e5 Ne7 5. a3 Bxc3+ 6. bxc3 b6 7. Qg4 Ng6 8. h4
h5 9. Qd1 c5 10. Bb5+ Bd7 11. Bd3 Ba4 12. Bxg6 fxg6 13. Qd3 O-O 14. Qxg6 Qe8
15. Qxe8 Rxe8 16. Ra2 cxd4 17. cxd4 Rc8 18. Kd1 Rc4 19. Be3 Na6 20. Ke2 Rac8
21. Kf3 Bxc2 22. Nh3 Bf5 23. Nf4 g6 24. Kg3 Nb8 25. Raa1 Nc6 26. Rhd1 Kf7 27.
Ne2 Bc2 28. Rg1 Na5 29. Kh2 Nb3 30. Rae1 Bf5 31. f3 Rc2 32. Nc1 Na5 0-1

[Event "19. Obert Int. Sant Marti 2017"]
[Site "Barcelona ESP"]
[Date "2017.07.20"]
[Round "8.9"]
[White "Abhishek, Das"]
[Black "Arvola, Benjamin"]
[Result "1/2-1/2"]
[WhiteElo "2274"]
[BlackElo "2469"]
[PlyCount "106"]
[EventDate "2017.07.13"]
[EventType "swiss"]
[EventRounds "9"]
[EventCountry "ESP"]
[SourceTitle "Ajedrez en Madrid"]
[Source "lmi"]
[SourceDate "2017.07.13"]
[SourceVersion "1"]
[SourceVersionDate "2019.06.21"]
[SourceQuality "1"]

1. e4 e5 2. Nf3 Nc6 3. Nc3 Nf6 4. Bb5 Bc5 5. O-O O-O 6. Nxe5 Nxe5 7. d4 Bd6 8.
f4 Nc6 9. e5 Bb4 10. d5 a6 11. Be2 Nxd5 12. Nxd5 Bc5+ 13. Kh1 d6 14. Bd3 dxe5
15. fxe5 Nxe5 16. Bxh7+ Kxh7 17. Qh5+ Kg8 18. Qxe5 Qd6 19. Bf4 Qxe5 20. Bxe5 c6
21. b4 cxd5 22. bxc5 Re8 23. Bd4 Re4 24. c3 Bd7 25. Rab1 Bb5 26. Rf2 Rae8 27.
h3 f6 28. g4 Re2 29. Rb2 Re1+ 30. Kh2 Rd1 31. g5 fxg5 32. Rf5 g6 33. Rf6 Kh7
34. Rf7+ Kh6 35. Bg7+ Kh5 36. Bf6 Kh6 37. Rg2 g4 38. Rxg4 Re2+ 39. Kg3 Rg1+ 40.
Kh4 Rxg4+ 41. hxg4 g5+ 42. Bxg5+ Kg6 43. Rxb7 Rh2+ 44. Kg3 Rc2 45. Kf4 Rf2+ 46.
Kg3 Rc2 47. Kf4 Rxc3 48. Rb6+ Kf7 49. Rb7+ Kg6 50. Rb6+ Kf7 51. Rb7+ Kg6 52.
Rb6+ Kf7 53. Rb7+ Kg6 1/2-1/2

[Event "19. Obert Int. Sant Marti 2017"]
[Site "Barcelona ESP"]
[Date "2017.07.20"]
[Round "8.10"]
[White "Moksh, Amit Doshi"]
[Black "Salinas Herrera, Pablo"]
[Result "0-1"]
[WhiteElo "2154"]
[BlackElo "2438"]
[PlyCount "118"]
[EventDate "2017.07.13"]
[EventType "swiss"]
[EventRounds "9"]
[EventCountry "ESP"]
[SourceTitle "Ajedrez en Madrid"]
[Source "lmi"]
[SourceDate "2017.07.13"]
[SourceVersion "1"]
[SourceVersionDate "2019.06.21"]
[SourceQuality "1"]

1. d4 d5 2. c4 e6 3. Nf3 Nf6 4. Nc3 c6 5. Bg5 Nbd7 6. e3 Qa5 7. cxd5 Nxd5 8.
Qd2 Bb4 9. Rc1 b6 10. Bd3 h6 11. Bh4 Nxc3 12. bxc3 Ba3 13. Rb1 Ba6 14. O-O O-O
15. e4 Rfe8 16. e5 Bxd3 17. Qxd3 c5 18. d5 c4 19. Qxc4 Qxd5 20. Qa4 Bf8 21. c4
Qb7 22. Rfd1 Nc5 23. Qc2 Qe4 24. Qxe4 Nxe4 25. Rbc1 Rec8 26. Rd4 Nc5 27. Kf1
Rc7 28. Ke2 Rac8 29. Rc2 Nd7 30. Rcd2 Nb8 31. Rd8 g5 32. Bg3 Rxc4 33. Rxc8 Rxc8
34. Nd4 Rd8 35. f4 Bc5 36. Nb3 Rxd2+ 37. Kxd2 Bg1 38. Kd3 Kg7 39. fxg5 hxg5 40.
h4 Kg6 41. Ke4 Nd7 42. hxg5 Kxg5 43. a4 Kg4 44. Bf4 Nc5+ 45. Nxc5 Bxc5 46. Bh2
a6 47. Bf4 b5 48. axb5 axb5 49. Bh2 Bf2 50. Bf4 Bg1 51. Bd2 Kg3 52. Bc3 Bc5 53.
Bb2 Kxg2 54. Kf4 Kf2 55. Kg5 Ke3 56. Kf6 Bd4 57. Bc1+ Ke4 58. Kxf7 Kxe5 59. Bd2
Kd5 0-1

[Event "19. Obert Int. Sant Marti 2017"]
[Site "Barcelona ESP"]
[Date "2017.07.20"]
[Round "8.11"]
[White "Priebe, Jan"]
[Black "Oblitas, Carlomagno"]
[Result "0-1"]
[WhiteElo "2272"]
[BlackElo "2395"]
[PlyCount "126"]
[EventDate "2017.07.13"]
[EventType "swiss"]
[EventRounds "9"]
[EventCountry "ESP"]
[SourceTitle "Ajedrez en Madrid"]
[Source "lmi"]
[SourceDate "2017.07.13"]
[SourceVersion "1"]
[SourceVersionDate "2019.06.21"]
[SourceQuality "1"]

1. e4 c5 2. Nf3 g6 3. d4 Bg7 4. Nc3 cxd4 5. Nxd4 Nc6 6. Be3 Nf6 7. Bc4 O-O 8.
Bb3 d6 9. f3 Bd7 10. Qd2 Nxd4 11. Bxd4 b5 12. O-O Bc6 13. Rfe1 e6 14. Rad1 b4
15. Ne2 a5 16. c4 bxc3 17. Nxc3 a4 18. Bc4 Qa5 19. b3 Rfc8 20. Rc1 Rab8 21.
Red1 Qb4 22. Qg5 h6 23. Qh4 g5 24. Qf2 Rd8 25. Nxa4 Bxa4 26. bxa4 Rdc8 27. Qe2
Nh5 28. Bxg7 Nf4 29. Qe1 Kxg7 30. Qxb4 Rxb4 31. Bf1 Rxc1 32. Rxc1 Rxa4 33. g3
Ng6 34. Rc2 Ne5 35. Be2 Ra3 36. Kf2 Kf6 37. Rd2 Ke7 38. Rc2 h5 39. f4 gxf4 40.
gxf4 Ng6 41. f5 Nf4 42. fxe6 fxe6 43. Bc4 Rh3 44. Kg1 Re3 45. a4 Rxe4 46. a5 d5
47. Bf1 Ra4 48. a6 d4 49. Kf2 d3 50. Rd2 Rxa6 51. Ke3 e5 52. Bxd3 Ra3 53. Ke4
Nxd3 54. Rxd3 Rxd3 55. Kxd3 Kf6 56. Ke4 Ke6 57. Ke3 Kf5 58. Kf3 e4+ 59. Ke3 Ke5
60. Ke2 Kf4 61. Kf2 h4 62. h3 e3+ 63. Ke1 Kg3 0-1

[Event "19. Obert Int. Sant Marti 2017"]
[Site "Barcelona ESP"]
[Date "2017.07.20"]
[Round "8.12"]
[White "Fenil, Shah"]
[Black "Rizouk, Aimen"]
[Result "1/2-1/2"]
[WhiteElo "2267"]
[BlackElo "2472"]
[PlyCount "75"]
[EventDate "2017.07.13"]
[EventType "swiss"]
[EventRounds "9"]
[EventCountry "ESP"]
[SourceTitle "Ajedrez en Madrid"]
[Source "lmi"]
[SourceDate "2017.07.13"]
[SourceVersion "1"]
[SourceVersionDate "2019.06.21"]
[SourceQuality "1"]

1. d4 Nf6 2. Nf3 d5 3. Bf4 c5 4. c3 e6 5. e3 Nc6 6. Nbd2 cxd4 7. exd4 Nh5 8.
Bg3 Nxg3 9. hxg3 g6 10. Bb5 Qb6 11. Qe2 Bg7 12. Nb3 a6 13. Bxc6+ Qxc6 14. g4
Qb5 15. Qxb5+ axb5 16. g5 h6 17. gxh6 Rxh6 18. Rxh6 Bxh6 19. Ne5 b6 20. a3 g5
21. Kd2 f6 22. Rh1 Bg7 23. Nd3 Kf7 24. f3 Bb7 25. g4 e5 26. Nf2 Kg6 27. Nd1 Bc8
28. Ne3 Be6 29. Ke2 Rd8 30. Kf2 Rh8 31. Rxh8 Bxh8 32. Nc1 exd4 33. cxd4 f5 34.
gxf5+ Bxf5 35. Nxf5 Kxf5 36. Ne2 Ke6 37. Ke3 Kd6 38. f4 1/2-1/2

[Event "19. Obert Int. Sant Marti 2017"]
[Site "Barcelona ESP"]
[Date "2017.07.20"]
[Round "8.13"]
[White "Zubritskiy, Artyom"]
[Black "Srijit, Paul"]
[Result "1-0"]
[WhiteElo "2442"]
[BlackElo "2247"]
[PlyCount "119"]
[EventDate "2017.07.13"]
[EventType "swiss"]
[EventRounds "9"]
[EventCountry "ESP"]
[SourceTitle "Ajedrez en Madrid"]
[Source "lmi"]
[SourceDate "2017.07.13"]
[SourceVersion "1"]
[SourceVersionDate "2019.06.21"]
[SourceQuality "1"]

1. Nf3 f5 2. d3 Nc6 3. e4 e5 4. Nc3 Nf6 5. g3 d6 6. Bg2 Be7 7. O-O O-O 8. h3 f4
9. gxf4 exf4 10. d4 Qe8 11. e5 Nh5 12. e6 Qg6 13. d5 Nb4 14. a3 Nxc2 15. Ra2 c5
16. Kh2 Nd4 17. Rg1 Qf5 18. Nxd4 cxd4 19. Qxd4 f3 20. Bf1 Bf6 21. Qg4 Be5+ 22.
Kh1 b6 23. Qxf5 Rxf5 24. Bd3 Rf8 25. Bb5 Bb7 26. e7 Rfe8 27. Bg5 Nf6 28. Bxe8
Rxe8 29. Raa1 Rxe7 30. Rad1 Kf7 31. Rge1 Bc8 32. Bxf6 gxf6 33. Rd3 Bxh3 34.
Rxf3 Bc8 35. Ne4 Bb7 36. Rd1 Bc8 37. Rg1 Bb7 38. Rd1 Bc8 39. Rg1 Bb7 40. Rd3
Rc7 41. b3 Rc2 42. Kg2 h6 43. Rgd1 f5 44. Ng3 Kg6 45. R1d2 Rc1 46. Ne2 Ra1 47.
f4 Bf6 48. a4 h5 49. Re3 Kf7 50. Ng3 Kg6 51. Re6 h4 52. Nh5 Kxh5 53. Rxf6 Kg4
54. Rxd6 Rb1 55. Rd7 Ba6 56. Rxa7 Bf1+ 57. Kh2 Rxb3 58. d6 Rh3+ 59. Kg1 Bd3 60.
Rg7+ 1-0

[Event "19. Obert Int. Sant Marti 2017"]
[Site "Barcelona ESP"]
[Date "2017.07.20"]
[Round "8.14"]
[White "Pinero Fernandez, Xavier"]
[Black "Smirnov, Artem"]
[Result "1/2-1/2"]
[WhiteElo "2233"]
[BlackElo "2401"]
[PlyCount "100"]
[EventDate "2017.07.13"]
[EventType "swiss"]
[EventRounds "9"]
[EventCountry "ESP"]
[SourceTitle "Ajedrez en Madrid"]
[Source "lmi"]
[SourceDate "2017.07.13"]
[SourceVersion "1"]
[SourceVersionDate "2019.06.21"]
[SourceQuality "1"]

1. d4 Nf6 2. Bf4 g6 3. Nc3 d5 4. f3 Nh5 5. Bg5 h6 6. Be3 Bg7 7. Qd2 c5 8. dxc5
d4 9. O-O-O Nc6 10. Nb5 e5 11. Nd6+ Ke7 12. Bf2 b6 13. Nxc8+ Rxc8 14. e3 bxc5
15. f4 e4 16. Ne2 Qd5 17. Kb1 Rhd8 18. exd4 cxd4 19. Nc3 Qa5 20. Nxe4 Qxd2 21.
Rxd2 Nxf4 22. Ba6 Rb8 23. Bh4+ f6 24. Re1 Kf7 25. Bc4+ Nd5 26. Bxf6 Bxf6 27.
Rf1 Kg7 28. Bxd5 Rxd5 29. Rxf6 Ne5 30. Rd6 Rxb2+ 31. Kxb2 Nc4+ 32. Kc1 Nxd6 33.
Nc3 Ra5 34. Rxd4 Nf5 35. Rd5 Ra6 36. Rd7+ Kf6 37. a4 Rc6 38. Kd2 a6 39. g3 Ke6
40. Ra7 Nd4 41. Kd3 Nf3 42. Ne4 Nxh2 43. Rxa6 Rxa6 44. Nc5+ Kd6 45. Nxa6 Nf1
46. g4 Nh2 47. g5 hxg5 48. Ke4 Ng4 49. Nb4 Nf6+ 50. Kf3 Kc5 1/2-1/2

[Event "19. Obert Int. Sant Marti 2017"]
[Site "Barcelona ESP"]
[Date "2017.07.20"]
[Round "8.15"]
[White "Vantika, Agrawal"]
[Black "Karim, Ismael"]
[Result "1-0"]
[WhiteElo "2230"]
[BlackElo "2361"]
[PlyCount "115"]
[EventDate "2017.07.13"]
[EventType "swiss"]
[EventRounds "9"]
[EventCountry "ESP"]
[SourceTitle "Ajedrez en Madrid"]
[Source "lmi"]
[SourceDate "2017.07.13"]
[SourceVersion "1"]
[SourceVersionDate "2019.06.21"]
[SourceQuality "1"]

1. d4 d6 2. Nf3 g6 3. g3 Bg7 4. Bg2 c5 5. O-O cxd4 6. Nxd4 Qb6 7. c3 Nc6 8. Be3
Qc7 9. Na3 Bd7 10. Ndb5 Qb8 11. Nc4 Nf6 12. Nbxd6+ exd6 13. Nxd6+ Kf8 14. Bc5
Kg8 15. Qb3 Be6 16. Qxb7 Qxb7 17. Nxb7 Rc8 18. Nd6 Rc7 19. Nb5 Rc8 20. Nd6 Rc7
21. Nb5 Rc8 22. Nxa7 Nxa7 23. Bxa7 Bc4 24. a4 Nd5 25. Rfd1 Nc7 26. Rd7 Be6 27.
Rd2 Bh6 28. e3 Kg7 29. a5 Rhd8 30. Rxd8 Rxd8 31. Bb6 Rc8 32. a6 Na8 33. Bd4+
Kg8 34. a7 Bg7 35. Ra4 Bf8 36. Ra5 Bd6 37. b4 Kf8 38. b5 Bc7 39. Ra1 Ke7 40.
Bxa8 Rxa8 41. b6 Bxb6 42. Bxb6 Kd7 43. Bd4 Bd5 44. Rb1 Bc6 45. Rb8 Kc7 46. Bb6+
Kd7 47. c4 Bf3 48. Kf1 h5 49. Ke1 Ke6 50. Kd2 f5 51. h4 Kd7 52. Kc3 Ke6 53. Bd4
Bc6 54. Kb4 Kd7 55. Ka5 Kc7 56. Be5+ Kd7 57. Kb6 Be4 58. c5 1-0

[Event "19. Obert Int. Sant Marti 2017"]
[Site "Barcelona ESP"]
[Date "2017.07.20"]
[Round "8.16"]
[White "Sapale, Saloni"]
[Black "Tissir, Mohamed"]
[Result "0-1"]
[WhiteElo "2049"]
[BlackElo "2354"]
[PlyCount "64"]
[EventDate "2017.07.13"]
[EventType "swiss"]
[EventRounds "9"]
[EventCountry "ESP"]
[SourceTitle "Ajedrez en Madrid"]
[Source "lmi"]
[SourceDate "2017.07.13"]
[SourceVersion "1"]
[SourceVersionDate "2019.06.21"]
[SourceQuality "1"]

1. e4 c5 2. Nf3 d6 3. d4 cxd4 4. Nxd4 Nf6 5. Nc3 a6 6. Be3 e6 7. f3 b5 8. Qd2
Bb7 9. g4 Nfd7 10. O-O-O Nb6 11. Qf2 N8d7 12. Kb1 Rc8 13. Bd3 Rxc3 14. bxc3 Na4
15. Ne2 Qc7 16. Kc1 Be7 17. h4 O-O 18. g5 d5 19. Kd2 Ne5 20. Rhg1 b4 21. Rc1
dxe4 22. fxe4 Rd8 23. Nd4 Qxc3+ 24. Ke2 Bc5 25. Rgd1 Bxd4 26. Bb5 axb5 27. Bxd4
Qc4+ 28. Ke1 Rxd4 29. Rxd4 Qxd4 30. Qxd4 Nf3+ 31. Kf2 Nxd4 32. Rd1 e5 0-1

[Event "19. Obert Int. Sant Marti 2017"]
[Site "Barcelona ESP"]
[Date "2017.07.20"]
[Round "8.17"]
[White "Escalante Ramirez, Brian Sebas"]
[Black "Mateus, Alejandro"]
[Result "1/2-1/2"]
[WhiteElo "2340"]
[BlackElo "2240"]
[PlyCount "96"]
[EventDate "2017.07.13"]
[EventType "swiss"]
[EventRounds "9"]
[EventCountry "ESP"]
[SourceTitle "Ajedrez en Madrid"]
[Source "lmi"]
[SourceDate "2017.07.13"]
[SourceVersion "1"]
[SourceVersionDate "2019.06.21"]
[SourceQuality "1"]

1. e4 d6 2. d4 Nf6 3. Bd3 e5 4. c3 Nc6 5. d5 Nb8 6. c4 Be7 7. Nc3 O-O 8. Nf3 a5
9. O-O Na6 10. a3 Nc5 11. Bc2 Bg4 12. b3 Nfd7 13. h3 Bxf3 14. Qxf3 Bg5 15. Bb2
Bh6 16. Nd1 Qh4 17. Bc3 Nb6 18. Nb2 Nbd7 19. b4 axb4 20. axb4 Na6 21. Ba4 Nf6
22. Rfe1 Nh5 23. Qg4 Qxg4 24. hxg4 Nf6 25. f3 Bg5 26. g3 h5 27. gxh5 Nxh5 28.
Kg2 g6 29. Bb5 f5 30. Nd3 Rf7 31. exf5 gxf5 32. c5 Raf8 33. c6 Nb8 34. cxb7 Rg7
35. Ra8 Bh4 36. Rea1 Rxg3+ 37. Kh2 Kf7 38. Be1 e4 39. fxe4 Rg4 40. exf5 Bxe1
41. Rxe1 Nf6 42. Re3 Rfg8 43. Be8+ Nxe8 44. Rxb8 Rg2+ 45. Kh1 Rg1+ 46. Kh2
R1g2+ 47. Kh1 Rg1+ 48. Kh2 R1g2+ 1/2-1/2

[Event "19. Obert Int. Sant Marti 2017"]
[Site "Barcelona ESP"]
[Date "2017.07.20"]
[Round "8.18"]
[White "Akash Pc, Iyer"]
[Black "Rodriguez Alvarez, Vidal"]
[Result "1-0"]
[WhiteElo "2300"]
[BlackElo "2214"]
[PlyCount "93"]
[EventDate "2017.07.13"]
[EventType "swiss"]
[EventRounds "9"]
[EventCountry "ESP"]
[SourceTitle "Ajedrez en Madrid"]
[Source "lmi"]
[SourceDate "2017.07.13"]
[SourceVersion "1"]
[SourceVersionDate "2019.06.21"]
[SourceQuality "1"]

1. Nf3 Nf6 2. g3 b6 3. Bg2 Bb7 4. O-O c5 5. d3 g6 6. e4 d6 7. Nbd2 Bg7 8. Re1
O-O 9. c3 Nc6 10. Rb1 Rc8 11. Nf1 e5 12. Ne3 d5 13. exd5 Nxd5 14. Nxd5 Qxd5 15.
Nxe5 Qxa2 16. Bf4 Bxe5 17. Bxe5 Nxe5 18. Bxb7 Rc7 19. Bg2 Nc6 20. Qg4 Qa6 21.
Qf4 Qc8 22. h4 h5 23. Rbd1 Re7 24. d4 cxd4 25. cxd4 Qd7 26. d5 Rxe1+ 27. Rxe1
Ne7 28. Bh3 Qxh3 29. Rxe7 Qg4 30. Qe5 Qf5 31. Qxf5 gxf5 32. Rxa7 Rd8 33. Rb7
Rxd5 34. Rxb6 f4 35. Kg2 fxg3 36. Kxg3 Kg7 37. f3 f6 38. Rb4 Kg6 39. Kf4 Rf5+
40. Ke3 Re5+ 41. Re4 Ra5 42. Rf4 f5 43. Rb4 Ra6 44. Kf4 Kf6 45. Rb5 Ra4+ 46. b4
Ke6 47. Rb6+ 1-0